| 000 | 00486nam a2200181Ia 4500 | ||
|---|---|---|---|
| 008 | 240925s9999 xx 000 0 und d | ||
| 020 | _a9780749465520 | ||
| 082 | _a658.4092 ARM | ||
| 100 | _aArmstrong, Michael | ||
| 245 | 0 | _aArmstrong's Handbook of Management and Leadership | |
| 250 | _a3rd | ||
| 260 |
_aNew Delhi: _bNewKogan Page _c,2012. |
||
| 300 |
_aVarious pages _bNA _fOriginal |
||
| 500 | _aIncludes Index | ||
| 600 | _aManagement | ||
| 650 | _aManagement | ||
| 942 | _cBK | ||
| 999 |
_c15188 _d15188 |
||